| 000 | 00637nam a22002177a 4500 | ||
|---|---|---|---|
| 008 | 131130b xxu||||| |||| 00| 0 eng d | ||
| 024 | _cAvailable | ||
| 037 | _cAvailable | ||
| 040 |
_aMBSTU LIBRARY _dMBSTU LIBRARY |
||
| 082 |
_222 _a574.5 ENV |
||
| 100 | _aEdited by P.R. Trivedi. | ||
| 245 | _aEnvironmental biology. | ||
| 260 |
_aNew Delhi _bAkashdeep Pub. House. _c1998 |
||
| 300 |
_a27 cm. _b392 page _f1 _g27 cm. |
||
| 600 | _2Ecology. | ||
| 650 | _2Ecology. | ||
| 700 | _aEdited by P.R. Trivedi. | ||
| 270 |
_aNew Delhi _bNew Delhi _dIndia |
||
| 942 |
_2ddc _cBK |
||
| 999 |
_c909 _d909 |
||